भगवान श्री रमणमहर्षी (Record no. 492996)
[ view plain ]
| 000 -LEADER | |
|---|---|
| fixed length control field | 00612nam a22001937a 4500 |
| 003 - CONTROL NUMBER IDENTIFIER | |
| control field | OSt |
| 005 - DATE AND TIME OF LATEST TRANSACTION | |
| control field | 20120302150802.0 |
| 008 - FIXED-LENGTH DATA ELEMENTS--GENERAL INFORMATION | |
| fixed length control field | 090811t xxu||||| |||| 00| 0 eng d |
| 035 ## - SYSTEM CONTROL NUMBER | |
| System control number | १२१०९ |
| 040 ## - CATALOGING SOURCE | |
| Transcribing agency | मराठी |
| 100 ## - MAIN ENTRY--PERSONAL NAME | |
| Personal name | कुलकर्णी, गं. वि. |
| 9 (RLIN) | 8073 |
| 222 ## - KEY TITLE | |
| Key title | संत |
| 245 ## - TITLE STATEMENT | |
| Title | भगवान श्री रमणमहर्षी |
| 250 ## - EDITION STATEMENT | |
| Edition statement | १ ली |
| 260 ## - PUBLICATION, DISTRIBUTION, ETC. (IMPRINT) | |
| Place of publication, distribution, etc | पुणे |
| Name of publisher, distributor, etc | संतकृपा |
| Date of publication, distribution, etc | १९८१ |
| 300 ## - PHYSICAL DESCRIPTION | |
| Other physical details | ७० पाने |
| 440 ## - SERIES STATEMENT/ADDED ENTRY--TITLE | |
| Title | संत चरित्रमाला : ८ |
| 9 (RLIN) | 8075 |
| 942 ## - ADDED ENTRY ELEMENTS (KOHA) | |
| Source of classification or shelving scheme | Dewey Decimal Classification |
| Koha item type | Book |
No items available.